| 000 | 00784cam a2200205 a 4500 | ||
|---|---|---|---|
| 003 | OSt | ||
| 005 | 20251008155359.0 | ||
| 008 | 960816s1996 enka b 001 0 eng | ||
| 040 | _cMUST | ||
| 082 | 0 | 0 |
_a658.15 SMI 1997 _220 |
| 100 | 1 |
_aSmith, Malcolm, _d1948 _919435 |
|
| 245 | 1 | 0 |
_aStrategic management accounting : _btext and cases / _cMalcolm Smith. |
| 260 |
_aOxford ; _aBoston : _bButterworth-Heinemann, _c1997. |
||
| 300 |
_axvi, 255 p. : _bill. ; _c25 cm. |
||
| 504 | _aIncludes bibliographical references and index. | ||
| 538 | _aAccompanying computer disk contains Lotus 1-2-3 datafiles for various accounting case studies, and is also readable by Excel. | ||
| 650 | 0 |
_aManagerial accounting. _95333 |
|
| 650 | 0 |
_aStrategic planning _xAccounting. _919436 |
|
| 942 |
_2ddc _cO_SHELF |
||
| 999 |
_c9549 _d9549 |
||